|
|
|
|
| LEADER |
00000nam a2200000 a 4500 |
| 001 |
vtls001463518 |
| 003 |
SK-MaSNL |
| 005 |
20260301163324.0 |
| 008 |
240314s2002 xo r slo |
| 015 |
|
|
|a SNBA2004/03-02568
|
| 020 |
|
|
|a 8022515736
|c 122,00 Sk
|
| 035 |
|
|
|a SNK000418824
|
| 035 |
|
|
|a urn:nbn:sk:snk-amkomv
|
| 035 |
|
|
|a urn:nbn:sk:snk-am008f1o
|
| 035 |
|
|
|a B22B51A3-5369-4C3E-806D-836498400DAC
|
| 040 |
|
|
|a SNK
|b slo
|c SNK
|e AACR2
|
| 041 |
0 |
|
|a slo
|
| 044 |
|
|
|a xo
|c SK
|
| 072 |
|
7 |
|a 519
|2 konspekt
|
| 080 |
|
|
|a 519.21(075.8)
|2 1981
|
| 080 |
|
|
|a 519.21
|2 1981
|
| 080 |
|
|
|a (075.8)
|2 1981
|
| 100 |
1 |
|
|a Huťka, Vladimír,
|d 1936-
|4 aut
|9 109388
|
| 245 |
1 |
0 |
|a Teória pravdepodobnosti 2
|c Vladimír Huťka
|
| 250 |
|
|
|a 1. vyd.
|
| 260 |
|
|
|a Bratislava
|b Ekonóm
|c 2002
|
| 300 |
|
|
|a 204 s.
|b sch., tab.
|c 25 cm
|
| 500 |
|
|
|a 150 výt.
|
| 504 |
|
|
|a Bibliogr. s. 202. Reg.
|
| 650 |
0 |
7 |
|a teória pravdepodobnosti
|2 SNKPH
|9 104068
|
| 650 |
0 |
7 |
|a kombinatorika
|2 SNKPH
|9 3790
|
| 655 |
|
7 |
|a učebnice vysokých škôl
|2 SNKPH
|9 70191
|
| 919 |
|
|
|a 80-225-1573-6
|
| 958 |
|
|
|a NB
|
| 968 |
|
|
|d 51
|
| 999 |
|
|
|c 816613
|d 818543
|
| 952 |
|
|
|t P60, <03>, [BOOK], {603}
|a SNK
|b SNK
|y PREZ
|7 0
|p 17A0404303
|o snkSC 107928/2
|i snkKSP 14835/2003
|0 0
|1 0
|4 0
|d 2003-11-20
|f 1
|l 0
|r 2025-09-29 00:00:00
|w 2026-02-24
|
| 952 |
|
|
|t P60, <04>, [BOOK], {604}
|a SNK
|b SNK
|y VYP
|7 0
|p 17A0404302
|o snkSC 107928/2 D1
|i snkKSP 14836/2003
|0 0
|1 0
|4 0
|d 2003-11-20
|l 0
|r 2005-01-02 00:00:00
|w 2026-02-24
|